Statystyki dla Geografia quiz #34 - Miasta z największą liczbą ludności w Szwecji

Kliknij tutaj aby rozwiązać quiz!

Ogólne statystyki

  • Ten quiz został rozwiązany 24 razy
  • Średni wynik to 3 z 5

Statystyki odpowiedzi

MiejsceMiastoLudność% Poprawnych
1Sztokholm1 515 017
100%
3Malmo301 706
92%
2Goteborg572 799
88%
4Uppsala149 245
50%
5Sollentuna139 606
0%

Rozkład punktacji

Percentyl według liczby udzielonych odpowiedzi

Procent ludzi z każdym wynikiem

Twoja historia wyników

Nie rozwiązałeś tego quizu